000 00347nam a2200109Ia 4500
008 220216s9999 xx 000 0 und d
100 _aDe Silva K G Karnika
245 0 _aNatural rubber products manufacturing industry with special emphasis on latex based products
260 _bPlastics and Rubber Sri Lanka
_c1998
300 _a29-33
942 _cJS
999 _c63614
_d63614